| 000 | 00444nam a2200157Ia 4500 | ||
|---|---|---|---|
| 005 | 20250403165324.0 | ||
| 008 | 231217s9999 xx 000 0 und d | ||
| 020 | _a9788131401125 | ||
| 082 | _a332.46 STH;1 R | ||
| 100 | _aSthanumoorthy, R ed. | ||
| 245 | 0 | _aState level fiscal reforms in India : an assessment | |
| 260 |
_c2006 _bICFAI _aHyderabad |
||
| 300 | _axii, 207 | ||
| 650 | _alevel,fiscal,reforms,India,assessment | ||
| 942 | _cAA | ||
| 999 |
_c191308 _d191308 |
||